ロード中...

Novelistinte kala /

書誌詳細
第一著者: Pamuk, Orhan
その他の著者: Manoj Varma, R.
フォーマット: Printed Book
言語:English
出版事項: Kottayam: D.C.Books, c2010.
主題:
LEADER 00610 a2200181 4500
008 150103s9999 000 0 eng
020 |a 9788126441891 
082 |a 809 
100 |a Pamuk, Orhan 
245 |a Novelistinte kala / 
260 |a Kottayam:  |b D.C.Books,  |c c2010. 
300 |a 149 p. 
500 |a The naive and the sentimental novilist 
650 |a Literature study 
700 |a Manoj Varma, R. 
942 |c BK 
999 |c 307564  |d 307564 
952 |0 0  |1 0  |2 ddc  |4 0  |6 M_809_000000000000000_PAM_NO  |7 0  |9 352962  |a DRA  |b DRA  |c ST1  |d 2015-09-17  |i 8952  |l 1  |o M 809 PAM/NO  |p DRA8952  |r 2015-12-17  |s 2015-11-17  |v 120.00  |w 2015-09-17  |y BK